000 00302nam a22001337a 4500
008 210511b ||||| |||| 00| 0 eng d
041 _aeng
080 _8
_a611.085
082 _a611.085
100 _a9
101 _aHIS
245 _aPulmonary and Critical Care Medicine
_cMKSAP
942 _2udc
_cBK
999 _c57175
_d57175